00337nam a2200133Ia 4500008004100000041000800041082001500049100001000064245004500074260003500119300003200154365001100186440000600197240624s9999 xx 000 0 und d aeng a657.02 IAS aIASCF aINTERNATIONAL FINANCIAL REPORTING STANDA c2008aUKbTaxmann Publications avii, : 1336 : p. : cm. ; 25 cRSb25 v1